| 000 | 00409nam a22001697a 4500 | ||
|---|---|---|---|
| 005 | 20180323164336.0 | ||
| 008 | 160616b xxu||||| |||| 00| 0 eng d | ||
| 020 | _a81-219-2840-0 | ||
| 041 | _aeng | ||
| 082 |
_b7900 _a338.5024658 |
||
| 100 |
_aAhuja, H.L _91003 |
||
| 245 | _aManagerial Economics | ||
| 260 |
_aNew Delhi _bSultan Chand & Sons, |
||
| 300 | _a990 | ||
| 650 |
_aManagement _9241 |
||
| 942 | _cBK | ||
| 999 |
_c2870 _d2869 |
||